Регионална библиотека "Любен Каравелов" - Русе

Авангард и норма (Запис номер 108066)

MARC детайли
000 -Лидер
Контролно поле с фиксирана дължина 01664nam a2200385 c 4500
003 - Код на организацията, давaща контролен номер
Контролно поле BLK
005 - Дата и час на последна редакция
Контролно поле 20230112180857.0
008 - Елементи от данни с фиксирана дължина
fixed length control field 180409b bul|||||r ||||||| ||bul||
010 ## - Наследен системен номер
LC control number KNG00113364000
020 ## - Международен стандартен номер на книга ISBN
Международен стандартен номер на книга ISBN 954-540-035-8
-- издат.: Агата-А
040 ## - Източник на каталожния запис
Идентификатор на билиотеката - собственик на записа BLK
041 ## - Код за език
Код за езика на текст/звукозапис или на отделно заглавие Български
Код за езика КДБФ Български
080 ## - УДК
Текстов определител УДК Изобразителни изкуства и художествени занаяти
УДК код - определител по УДК 73/76
УДК определител .036(497.2):316.73
УДК - код + определител 73/76.036(497.2):316.73
100 1# - Редна дума - Автор
Автор Стефанов, Свилен Иванов
Авторска отговорност първи автор
R(LIN) 371209
139 ## - Редно поле
Редна дума Стефанов, Свилен Иванов
Авторски знак Сте - С 75
245 10 - Сведения за заглавието
Заглавие Авангард и норма
Подзаглавни данни Иновационни тенденции в българското изкуство от края на ХХ в.
Редно поле (дума) Свилен Иванов Стефанов.
257 ## - Страна на издаване
Страна на създаване/издаване България
260 ## - Област на издателските данни
-- София
Име на издателя, разпространителя и проч. Агата-А
Година на издаване 2004
Печатница София : АСИ - Панчо Цекин
300 ## - Физическа характеристика
Страници 202 с.
Илюстрации и др. с ил.
Размери/Мащаб 21Х23 см
380 ## - Жанр
Жанр Изкуство
500 ## - Общи забележки
Забележка Кн. е изд. с конкурс на Нац. фонд Култура. - Библиогр. под линия ; Рез. на англ. ез.
504 ## - Забележка за наличие на библиография и др
Забележка за наличие на библиография и под. под линия
650 #4 - Допълнително описание по предмет – тема
Основно описание – тема или топоним Изобразително изкуство, българско
9 (RLIN) 243150
650 #4 - Допълнително описание по предмет – тема
Основно описание – тема или топоним Авангардизъм
9 (RLIN) 146194
651 #4 - Допълнително описание по предмет - топоним
Географско понятие България
9 (RLIN) 241624
653 ## - Ключова дума – ненормативна
Ключова дума изобразително изкуство
653 ## - Ключова дума – ненормативна
Ключова дума авангардизъм
653 ## - Ключова дума – ненормативна
Ключова дума българско изкуство
653 ## - Ключова дума – ненормативна
Ключова дума ХХ в.
852 ## - Местоположение
Форматна сигнатура Цб 219767
856 4# - Електронен адрес и достъп
Електронен формат pdf - файл
Път до файла /url/
856 4# - Електронен адрес и достъп
Електронен формат pdf - файл
Път до файла /url/
942 ## - АРТИКУЛИ
Вид на библиотечния материал Книги
Скрит в OPAC Не
Koha issues (borrowed), all copies 1
944 ## - СЪЗДАВАНЕ И РЕДАКЦИЯ на ЗАПИСА
Създаване/Редакция Създаване
Дата на регистрацията/редакция 02.06.2004
Служител, извършил регистрацията/редакцията Ирена_Линкова
944 ## - СЪЗДАВАНЕ И РЕДАКЦИЯ на ЗАПИСА
Създаване/Редакция Редакция
Дата на регистрацията/редакция 19.09.2012
Служител, извършил регистрацията/редакцията
999 ## - СИСТЕМНИ КОНТРОЛНИ НОМЕРА
Koha biblionumber 108066
Koha biblioitemnumber 108066
Наличности
Код за отписване Код за изгубен артикул Източник на класификационната схема Код за повреда Коз за рестрикции Код за отдаване Артикулен № Име на библиотеката - собственик Име на библиотеката, в която се намира в момента Статус (Текущо местоположение) Дата на вписване в системата Местоположение - отдел Цена в лева Инвентарен номер Систематично азбучна сигнатура Баркод Номер на екземпляра Цена в евро Служебна бележка Служебен тип на артикула
  Не е изгубен Universal Decimal Classification Не е повреден без рестрикции заемане за дома 174293 Регионална библиотека "Любен Каравелов" Русе Регионална библиотека "Любен Каравелов" Русе Отдел Изкуство - подръчен фонд 2004-05-31 Отдел Изкуство - подръчен фонд 12.00 120000685862 73/76/С 75 120000685862 1 6.14 Дост: Pk Вид: Ф N: 2 Дата: 31.05.2004 Дата инв: 07.06.2012 Бележки инв: * Книги
  Не е изгубен Universal Decimal Classification Не е повреден само за читалня ползва се в читалня 174294 Регионална библиотека "Любен Каравелов" Русе Регионална библиотека "Любен Каравелов" Русе Хранилище 2006-06-06 Хранилище 12.00 120000702782 Цб 219767 120000702782 2 6.14 Дост: Dp Вид: Д N: 21 Дата: 11.05.2005 Книги
  Не е изгубен Universal Decimal Classification Не е повреден без рестрикции заемане за дома 174295 Регионална библиотека "Любен Каравелов" Русе Регионална библиотека "Любен Каравелов" Русе Отдел Изкуство - подръчен фонд 2009-06-29 Отдел Изкуство - подръчен фонд 12.00 120000736619 73/76/С 75 120000736619 3 6.14 Дост: DA Вид: А N: 7 Дата: 29.06.2009 Дата инв: 12.02.2015 Бележки инв: ИП2015 Книги
Vip Innovations Ltd, Rousse, Bulgaria 2025